00839nam a2200265Ia 450000500170000000800410001702000180005810000270007624500630010325000180016630000250018449000130020953400190022265000360024165000400027765000360031765000370035370000190039026400300040933600270043933700330046633800280049904000350052708400110056220220317001510.0161108s2015 s g 000 f s  a97884722317331 aVian, Borisd1920-195913aLa hierba rojacBoris Vian ; traducción de Jordi Martí a3a. edición a194 páginasc21 cm aAndanzas tL´herbe rouge142LEMBaNovela francesaySiglo XX142LEMBaLiteratura francesaySiglo XX142LEMBaInfancia en la literatura142LEMBaFelicidad en la literatura1 aMartí, Jordi aBarcelonabTusquetsc2015 atextobtxt2rdacontent asin mediaciónbn2rdamedia avolumenbnc2rdacarrier aCO-BoRNBPbspaerdacCO-BoRNBP aN VIA2